Dimension theory /

Guardado en:
Autor Principal: Hurewicz, Witold, 1904-1956.
Otros Autores: Wallman, Henry, 1915-
Formato: Libro
Idioma:English
Publicado: Princeton : Princeton University Press, 1948.
Edición:Rev. ed.
Series:Princeton mathematical series ; 4
Etiquetas: Agregar Etiqueta
Sin Etiquetas, Sea el primero en etiquetar este registro!
LEADER 00701nam a22002055a 4500
001 MAT.inmabb000340
008 730105s1941####nju######b####001#0#eng##
005 20110228184338.0
245 1 0 |a Dimension theory /  |c by Witold Hurewicz and Henry Wallman. 
250 |a Rev. ed. 
260 |a Princeton :  |b Princeton University Press,  |c 1948. 
300 |a vii, 165 p. ;  |c 24 cm. 
440 0 |a Princeton mathematical series ;  |v 4 
504 |a Includes bibliographical references and index. 
510 4 |a MR,  |c 3,312b 
100 1 |a Hurewicz, Witold,  |d 1904-1956. 
700 1 |a Wallman, Henry,  |d 1915- 
084 |a 54F45  |2 msc2000 
859 |h 54  |i H963  |p A-71  |b BIB. MATEMATICA 
859 |h 54  |i H963  |p A-1979  |t Ej. 2  |b BIB. MATEMATICA